Doctor Who or Dr. Seuss? Quiz Stats

 Plays Quiz Updated Dec 3, 2015

Challenge
Share
Tweet
Embed
Score 0/40 Timer 04:00
4 Plays Today
Creature (W)ho or (S)euss? % Correct
Dalek???
85.8%
Davros???
84.2%
The Face of Boe???
83.8%
Grinch???
82.4%
Zygon???
81.7%
Mayor of Who-ville???
81%
Krillitane???
80.9%
Lorax???
80.7%
Slitheen???
80.2%
Atraxi???
80.3%
Thing 1???
79.8%
Toclafane???
79.3%
Judoon???
79.1%
Yertle???
78.7%
Sneetch???
78.5%
Teselecta???
78.4%
Wocket???
77.8%
Racnoss???
77.7%
Ood???
76.3%
Yooks???
76.2%
Creature (W)ho or (S)euss? % Correct
Bippo-No-Bungus???
75.8%
Elephant-Cat???
75.7%
The Once-ler???
74.9%
Nestene???
74.7%
Dorium Maldovar???
73.9%
Nerkle???
73%
Saturnyne???
72.5%
Jagrafess???
71.6%
Abzorbaloff???
71.5%
Yep???
70.9%
Glunk???
70.6%
Hath???
70.6%
Flummox???
70.1%
Macra???
69.5%
Gelth???
68.5%
Natch???
67.4%
Chippendale Mupp???
67.3%
Quimney???
62.6%
Bannakaffalatta???
62%
Findow???
61.9%

You're not logged in!

Compare scores with friends on all Sporcle quizzes.
OR
Log In

You Might Also Like...

Show Comments

Extras

Top Quizzes Today


Score Distribution

Your Account Isn't Verified!

In order to create a playlist on Sporcle, you need to verify the email address you used during registration. Go to your Sporcle Settings to finish the process.

Report this User

Report this user for behavior that violates our Community Guidelines.

Details: